书目信息 |
| 题名: |
家禽营养与饲料
|
|
| 作者: | 呙于明 | |
| 分册: | ||
| 出版信息: | 北京 中国农业出版社 1998 |
|
| 页数: | 320 | |
| 开本: | 20cm | |
| 丛书名: | ||
| 单 册: | ||
| 中图分类: | S831.5 | |
| 科图分类: | ||
| 主题词: | 家禽 | |
| 电子资源: | ||
| ISBN: | 7-81002-851-0 | |
| 000 | 00497nam0 2200181 450 | |
| 001 | 0741144344 | |
| 005 | 20070817112544.34 | |
| 010 | @a7-81002-851-0@d¥22.00 | |
| 100 | @a20070817d km y0chiy0120 ea | |
| 101 | 0 | @achi |
| 200 | 1 | @a家禽营养与饲料@Ajia qin ying yang yu si liao@f呙于明@Fguo yu ming |
| 210 | @a北京@c中国农业出版社@d1998 | |
| 215 | @a320@d20cm | |
| 606 | 0 | @a家禽 |
| 690 | @aS831.5@v3 | |
| 701 | 0 | @a呙于明@Aguo yu ming |
| 801 | 0 | @aCN@bPFT@c20070817 |
| 905 | @a213230@dS831.5@en1@f1 | |
| 家禽营养与饲料/呙于明.-北京:中国农业出版社,1998 |
| 320;20cm |
| ISBN 7-81002-851-0:¥22.00 |
| ● |
| 相关链接 |
|
|
|
|
正题名:家禽营养与饲料
索取号:S831.5/n1
 
预约/预借
| 序号 | 登录号 | 条形码 | 馆藏地/架位号 | 状态 | 备注 |
| 1 | 6600690 | 266006902 | 密集书库-生命科学系/ [索取号:S831.5/n1] | 在馆 |